All Currency Codes - ISO 4217 Codes - Statistics

General Stats
  • This quiz has been taken 10 times
  • The average score is 52 of 154
Answer Stats
Currency Code % Correct
Canadian dollar CAD
86%
US dollar USD
86%
UAE dirham AED
71%
Swiss franc CHF
71%
Euro EUR
71%
Hong Kong dollar HKD
71%
Russian ruble RUB
71%
Singapore dollar SGD
71%
Armenian dram AMD
57%
Australian dollar AUD
57%
Chinese yuan (renminbi) CNY
57%
Colombian peso COP
57%
Czech koruna CZK
57%
Pound sterling GBP
57%
Jamaican dollar JMD
57%
Macanese pataca MOP
57%
New Zealand dollar NZD
57%
New Taiwan dollar TWD
57%
Albanian lek ALL
43%
Barbados dollar BBD
43%
Bermudian dollar BMD
43%
Brunei dollar BND
43%
Chilean peso CLP
43%
Costa Rican colón CRC
43%
Cuban peso CUP
43%
Cape Verdean escudo CVE
43%
Djiboutian franc DJF
43%
Dominican peso DOP
43%
Egyptian pound EGP
43%
Fijian dollar FJD
43%
Gibraltar pound GIP
43%
Israeli new shekel ILS
43%
Indian rupee INR
43%
Iraqi dinar IQD
43%
Iranian rial IRR
43%
Jordanian dinar JOD
43%
Japanese yen JPY
43%
Cambodian riel KHR
43%
South Korean won KRW
43%
Kuwaiti dinar KWD
43%
Kazakhstani tenge KZT
43%
Lao kip LAK
43%
Lebanese pound LBP
43%
Malaysian ringgit MYR
43%
Namibian dollar NAD
43%
Norwegian krone NOK
43%
Polish złoty PLN
43%
Qatari riyal QAR
43%
Rwandan franc RWF
43%
Saudi riyal SAR
43%
Swedish krona SEK
43%
Saint Helena pound SHP
43%
Thai baht THB
43%
Uzbekistani soʻm UZS
43%
Vietnamese đồng VND
43%
Afghan afghani AFN
29%
Argentine peso ARS
29%
Bangladeshi taka BDT
29%
Bahraini dinar BHD
29%
Burundian franc BIF
29%
Bolivian boliviano BOB
29%
Brazilian real BRL
29%
Botswana pula BWP
29%
Belize dollar BZD
29%
Congolese franc CDF
29%
Danish krone DKK
29%
Algerian dinar DZD
29%
Eritrean nakfa ERN
29%
Ethiopian birr ETB
29%
Falkland Islands pound FKP
29%
Georgian lari GEL
29%
Gambian dalasi GMD
29%
Guinean franc GNF
29%
Guyanese dollar GYD
29%
Honduran lempira HNL
29%
Haitian gourde HTG
29%
Hungarian forint HUF
29%
Indonesian rupiah IDR
29%
Icelandic króna ISK
29%
Kenyan shilling KES
29%
Kyrgyzstani som KGS
29%
Comorian franc KMF
29%
Sri Lankan rupee LKR
29%
Lesotho loti LSL
29%
Libyan dinar LYD
29%
Moroccan dirham MAD
29%
Moldovan leu MDL
29%
Malagasy ariary MGA
29%
North Macedonian denar MKD
29%
Myanmar kyat MMK
29%
Mongolian tögrög MNT
29%
Mauritanian ouguiya MRU
29%
Mauritian rupee MUR
29%
Maldivian rufiyaa MVR
29%
Malawian kwacha MWK
29%
Mexican peso MXN
29%
Nigerian naira NGN
29%
Nepalese rupee NPR
29%
Omani rial OMR
29%
Panamanian balboa PAB
29%
Papua New Guinean kina PGK
29%
Philippine peso PHP
29%
Pakistani rupee PKR
29%
Paraguayan guaraní PYG
29%
Serbian dinar RSD
29%
Solomon Islands dollar SBD
29%
Seychellois rupee SCR
29%
Somali shilling SOS
29%
Surinamese dollar SRD
29%
South Sudanese pound SSP
29%
Salvadoran colón SVC
29%
Syrian pound SYP
29%
Tajikistani somoni TJS
29%
Turkmenistani manat TMT
29%
Tunisian dinar TND
29%
Tongan paʻanga TOP
29%
Trinidad and Tobago dollar TTD
29%
Tanzanian shilling TZS
29%
Ukrainian hryvnia UAH
29%
Uruguayan peso UYU
29%
Vanuatu vatu VUV
29%
Samoan tālā WST
29%
Yemeni rial YER
29%
South African rand ZAR
29%
Zimbabwean dollar ZWL
29%
Netherlands Antillean guilder ANG
14%
Angolan kwanza AOA
14%
Aruban florin AWG
14%
Azerbaijani manat AZN
14%
Bosnia and Herzegovina convertible mark BAM
14%
Bulgarian lev BGN
14%
Bahamian dollar BSD
14%
Bhutanese ngultrum BTN
14%
Belarusian ruble BYN
14%
Ghanaian cedi GHS
14%
Guatemalan quetzal GTQ
14%
Cayman Islands dollar KYD
14%
Liberian dollar LRD
14%
Mozambican metical MZN
14%
Nicaraguan córdoba NIO
14%
Peruvian sol PEN
14%
Romanian leu RON
14%
Sudanese pound SDG
14%
Sierra Leonean leone SLE
14%
Eswatini lilangeni SZL
14%
Turkish lira TRY
14%
Ugandan shilling UGX
14%
Venezuelan bolívar soberano VES
14%
Central African CFA franc XAF
14%
East Caribbean dollar XCD
14%
West African CFA franc XOF
14%
CFP franc XPF
14%
Zambian kwacha ZMW
14%
São Tomé and Príncipe dobra STN
0%
No matching quizzes found
Score Distribution
Percent of People with Each Score
Percentile by Number Answered
Your Score History
You have not taken this quiz